000 00905nam a2200205Ii 4500
003 JO-AjNU
008 230605s9999||||xx |||||||||||||| ||und||
040 _aJO-AjNU
_bara
_erda
_cJO-AjNU
041 _aara
050 1 4 _aHF1359 2013
100 3 _aاعداد احمد، فايز عبدالهادي,
_eauthor
_952065
245 0 0 _aعلاقة العولمة بالتنمية البشرية: دراسة تطبيقية مع التركيز على الدول النامية
264 3 1 _aالقاهرة: المنظمة العربية للتنمية الادارية، 2013
300 _a87ص
_bيحتوي على ببلوغرافية من 76-87ص
336 _atext
_btxt
_2rdacontent
337 _aunmediated
_bn
_2rdamedia
338 _avolume
_bnc
_2rdacarrier
490 0 _aاصدار خاص عن المجلة العربية للادارة
650 4 _aالعولمة - الدول النامية 
_952066
999 _aA23041
_c26609
_d26609